000 00521nam a22002177a 4500
005 20251108173603.0
008 250721s2004 xx 000 0 eng d
020 _a1865095230
082 1 4 _aJ/525.5/PIK
100 1 _aPike, Katy
245 1 0 _aAutumn /
246 1 1 _ago facts seasons
264 1 _aGiza :
_bthe modern house,
_c2004.
300 _a16 p.
490 0 _ago facts
650 1 7 _aSEASONS
650 1 7 _aAUTUMN
653 _aناشئون صغار 10-14 سنة
942 _2ddc
_cBK
999 _c107528
_d107528